00668nam a2200229Ia 4500003000400000005001700004006001900021007000300040008004100043020003400084024001100118037005100129040002000180041001300200082001800213100002100231245010600252260004800358300001500406490000900421650000800430OSt20221006155855.0a|||||r|||| 00| 0 ta221006b |||||||| |||| 00| 0 eng d a9789380651408c1200.00 (each) a43,720 b568, 27/06/2013, Vidyanidhi PrakashancTextual aEASLcEASLbeng 2engaeng aQ4.49B.N9, Q2 aSharma Anita Ed. 0aBuddhism in East Asiab Aspects of history's first universal religion presented in the modern context aDelhibVidyanidhi Prakashan India c2012 a269p.ccm. v Gen aGen